[Event "Tournament 14459 - Europe Echecs"]
[Site "Europe Echecs"]
[Date "2020.07.07"]
[Round "9"]
[Time "18:23:10"]
[PlyCount "112"]
[White "AnseeuwEmma"]
[Black "GadoisArnaud"]
[WhiteElo "1228"]
[BlackElo "950"]
[Mode "WEB"]
[Result "1/2-1/2"]

1. e4 e5 2. Nf3 Nc6 3. Nc3 Nf6 4. Bc4 Bc5 5. O-O O-O 6. h3 d6 7. d3 h6 8. Re1
Re8 9. Be3 Bd4 10. Nxd4 exd4 11. Bxd4 Nxd4 12. f4 Bd7 13. e5 dxe5 14. fxe5 Nh7
15. Qd2 Qg5 16. Qf2 Nf5 17. Ne4 Qh4 18. Qf3 g6 19. Bd5 c6 20. Bc4 Be6 21. Bxe6
Rxe6 22. Nc5 Nd4 23. Qf2 Qxf2+ 24. Kxf2 Nxc2 25. Nxe6 fxe6 26. Rac1 Nxe1 27.
Rxe1 b5 28. Rc1 Rc8 29. b3 a5 30. a4 b4 31. Rc5 Ng5 32. Rxa5 Nf7 33. d4 Nd8 34.
Ke3 Nb7 35. Ra7 Rc7 36. a5 Kf8 37. a6 Rc8 38. axb7 Rb8 39. Kd3 Ke8 40. Kc4 Kd8
41. Kc5 Kc7 42. Kxb4 Rxb7+ 43. Rxb7+ Kxb7 44. Kc5 Kc7 45. b4 g5 46. b5 cxb5 47.
Kxb5 h5 48. Kc5 g4 49. h4 g3 50. d5 exd5 51. Kxd5 Kd7 52. e6+ Ke7 53. Ke5 Ke8
54. Kf6 Kf8 55. e7+ Ke8 56. Ke6 {Nulle par pat} 1/2-1/2

[Event "Tournament 14459 - Europe Echecs"]
[Site "Europe Echecs"]
[Date "2020.07.07"]
[Round "9"]
[Time "18:23:10"]
[PlyCount "94"]
[White "CarobbioAntoin"]
[Black "JarryEliot"]
[WhiteElo "1220"]
[BlackElo "890"]
[Mode "WEB"]
[Result "1-0"]

1. d4 d5 2. Nc3 Nf6 3. Bf4 Bf5 4. Nb5 Qd7 5. Nxc7+ Kd8 6. Nxa8 e6 7. Nf3 Bb4+ 8.
c3 Ba5 9. b4 Bb6 10. a4 a5 11. bxa5 Bxa5 12. Bxb8 Bxc3+ 13. Nd2 Bxa1 14. Qxa1
Kc8 15. Nb6+ Kxb8 16. Nxd7+ Nxd7 17. e3 Nb6 18. Qb1 Nd7 19. Qd1 Rc8 20. h3 Bc2
21. Qe2 Bxa4 22. Qf3 Rc1+ 23. Ke2 Bb5+ 24. Nc4 dxc4 25. Kd2 Rb1 26. Qg3+ Ka7 27.
Qd6 Nb6 28. Qa3+ Na4 29. Qa2 Rb4 30. Be2 c3+ 31. Ke1 Bxe2 32. Kxe2 b5 33. Qa3
Rb2+ 34. Kd3 Ka6 35. Qd6+ Ka5 36. Qc7+ Kb4 37. Qxf7 Rd2+ 38. Ke4 c2 39. Qe7+ Kb3
40. Rc1 Kb2 41. Rxc2+ Kxc2 42. Qc7+ Nc3+ 43. Ke5 Kd3 44. Kxe6 b4 45. d5 Nxd5 46.
Kxd5 b3 47. Qc4# {JarryEliot est échec et mat} 1-0

[Event "Tournament 14459 - Europe Echecs"]
[Site "Europe Echecs"]
[Date "2020.07.07"]
[Round "9"]
[Time "18:23:10"]
[PlyCount "93"]
[White "BaronArthur"]
[Black "ToChu"]
[WhiteElo "950"]
[BlackElo "1210"]
[Mode "WEB"]
[Result "1/2-1/2"]

1. e4 e5 2. Nf3 Nc6 3. d4 d6 4. dxe5 dxe5 5. Qxd8+ Nxd8 6. Nxe5 Nf6 7. Nc3 Bd6
8. Nf3 Bb4 9. Bd3 Bxc3+ 10. bxc3 O-O 11. O-O Bg4 12. Be2 Nxe4 13. Nd4 Bxe2 14.
Nxe2 Ne6 15. Ba3 Rfd8 16. Rfd1 Rxd1+ 17. Rxd1 h6 18. Rd7 N4c5 19. Bxc5 Nxc5 20.
Rxc7 Na4 21. Rxb7 Rd8 22. h3 Rd1+ 23. Kh2 Re1 24. Rxa7 Rxe2 25. Rxa4 Rxc2 26.
Ra8+ Kh7 27. a4 Rxc3 28. a5 Ra3 29. a6 Kg6 30. a7 Kf6 31. g4 g5 32. Rh8 Rxa7 33.
Rxh6+ Ke5 34. h4 Kf4 35. hxg5 Kxg5 36. Rh3 Kxg4 37. Rg3+ Kf4 38. Rg7 Kf3 39. Kg1
Ra2 40. Rxf7+ Kg4 41. f3+ Kg3 42. Rg7+ Kxf3 43. Rf7+ Kg3 44. Rg7+ Kf3 45. Rf7+
Kg3 46. Rg7+ Kf3 {Nulle par répétition} 1/2-1/2

[Event "Tournament 14459 - Europe Echecs"]
[Site "Europe Echecs"]
[Date "2020.07.07"]
[Round "9"]
[Time "18:23:10"]
[PlyCount "110"]
[White "RequenaPaulin"]
[Black "PonzeveraElsa"]
[WhiteElo "1140"]
[BlackElo "799"]
[Mode "WEB"]
[Result "1-0"]

1. e4 d6 2. Nf3 Nf6 3. Nc3 Nbd7 4. Bc4 h6 5. d4 e5 6. dxe5 dxe5 7. O-O Bb4 8.
Nd5 Nxd5 9. Bxd5 c6 10. Bc4 b5 11. c3 bxc4 12. cxb4 Ba6 13. Qd6 c3 14. Rd1 cxb2
15. Bxb2 Be2 16. Rd2 Bxf3 17. gxf3 Qc8 18. Bxe5 Nxe5 19. Qxe5+ Qe6 20. Qxe6+
fxe6 21. Rd6 c5 22. Rxe6+ Kf7 23. Re5 cxb4 24. Rb5 Rab8 25. Rxb8 Rxb8 26. Rb1 a5
27. a3 Rb6 28. axb4 axb4 29. Rc1 b3 30. Rc7+ Kg6 31. Rc1 b2 32. Rb1 Rb3 33. Kf1
Kf6 34. Ke1 Ke5 35. Kd2 Kd4 36. Kc2 Rb6 37. Rxb2 Rxb2+ 38. Kxb2 Ke5 39. Kc3 Kf4
40. Kd4 Kxf3 41. e5 Kxf2 42. e6 g5 43. e7 g4 44. e8=Q Kg2 45. Qe2+ Kh3 46. Qe6
h5 47. Qe3+ Kxh2 48. Qf4+ Kh3 49. Qf1+ Kh4 50. Qh1+ Kg5 51. Ke4 h4 52. Qf1 h3
53. Qf5+ Kh4 54. Kf4 g3 55. Qg4# {PonzeveraElsa est échec et mat} 1-0

[Event "Tournament 14459 - Europe Echecs"]
[Site "Europe Echecs"]
[Date "2020.07.07"]
[Round "9"]
[Time "18:23:10"]
[PlyCount "55"]
[White "ColinFelix"]
[Black "RachidNatalia"]
[WhiteElo "799"]
[BlackElo "1131"]
[Mode "WEB"]
[Result "0-1"]

1. e4 e5 2. Nc3 Nf6 3. Nf3 Nc6 4. Bb5 a6 5. Bxc6 dxc6 6. d3 Bg4 7. Bg5 h6 8.
Bxf6 Qxf6 9. h3 Bh5 10. g4 Bg6 11. h4 Bd6 12. h5 Bh7 13. Qd2 O-O 14. O-O-O Bc5
15. Nh4 Qxf2 16. Qxf2 Bxf2 17. Rhf1 Bxh4 18. Rg1 Bg5+ 19. Kb1 b5 20. d4 exd4 21.
Rxd4 Rab8 22. Rd7 b4 23. Na4 Bxe4 24. Rxc7 Rbd8 25. b3 Bf6 26. Re1 Rd6 27. Rxe4
Rd1# {ColinFelix est échec et mat} 0-1

[Event "Tournament 14459 - Europe Echecs"]
[Site "Europe Echecs"]
[Date "2020.07.07"]
[Round "9"]
[Time "18:23:10"]
[PlyCount "68"]
[White "PotieEmilio"]
[Black "NunesSoubeyran"]
[WhiteElo "799"]
[BlackElo "1130"]
[Mode "WEB"]
[Result "1-0"]

1. d4 d5 2. Bf4 Bf5 3. Nc3 Nc6 4. e3 e6 5. a3 a6 6. Bd3 Bd6 7. Bxf5 Bxf4 8. exf4
exf5 9. Qe2+ Qe7 10. Nxd5 Qe4 11. Nxc7+ Kd8 12. Nxa8 Nxd4 13. O-O-O Qxe2 14.
Nxe2 Kc8 15. Rxd4 Nf6 16. Rd6 Kb8 17. Nd4 Kxa8 18. Re1 Ka7 19. Re7 Ng4 20. Rxf7
Nxh2 21. Rxg7 Nf1 22. Rdd7 Rf8 23. Rxb7+ Ka8 24. Rbd7 Re8 25. Rge7 Rf8 26. Nc6
Rc8 27. Rd8 Rxd8 28. Nxd8 Nh2 29. c4 Ng4 30. c5 Nxf2 31. c6 Ne4 32. c7 Nd6 33.
Rd7 Ne8 34. c8=Q# {NunesSoubeyran est échec et mat} 1-0

[Event "Tournament 14459 - Europe Echecs"]
[Site "Europe Echecs"]
[Date "2020.07.07"]
[Round "9"]
[Time "18:23:10"]
[PlyCount "70"]
[White "NormandPaulArt"]
[Black "BernardLudovic"]
[WhiteElo "1120"]
[BlackElo "799"]
[Mode "WEB"]
[Result "1-0"]

1. e4 e5 2. Nf3 Nc6 3. Nc3 Nf6 4. Bb5 Bc5 5. O-O d6 6. Bxc6+ bxc6 7. d3 d5 8.
Bg5 h6 9. Bxf6 Qxf6 10. exd5 cxd5 11. Nxd5 Qd6 12. Nc3 Qg6 13. g3 Bb7 14. Re1 e4
15. Rxe4+ Bxe4 16. dxe4 Rd8 17. Qe2 Rd6 18. Ne5 Qf6 19. Ng4 Qg5 20. e5 Rd5 21.
Nxd5 f6 22. exf6+ Kf7 23. Ne5+ Kf8 24. Nd7+ Kf7 25. Ne5+ Kf8 26. Nd7+ Kf7 27.
Nxc5 Qxd5 28. Nb3 gxf6 29. Re1 Kg6 30. h4 Qf5 31. g4 Qd5 32. h5+ Kg5 33. Qe3+
Kh4 34. Qg3+ Kg5 35. f4# {BernardLudovic est échec et mat} 1-0

[Event "Tournament 14459 - Europe Echecs"]
[Site "Europe Echecs"]
[Date "2020.07.07"]
[Round "9"]
[Time "18:23:10"]
[PlyCount "58"]
[White "RollotPriscill"]
[Black "LoosliTheo"]
[WhiteElo "1094"]
[BlackElo "799"]
[Mode "WEB"]
[Result "1-0"]

1. e4 e5 2. Nf3 Nc6 3. Nc3 Nf6 4. Bb5 h6 5. Bxc6 dxc6 6. Nxe5 Bd6 7. Nf3 Bg4 8.
h3 Bh5 9. g4 Bg6 10. e5 Bxe5 11. Nxe5 Qe7 12. d4 c5 13. Qe2 cxd4 14. Nb5 Qe6 15.
Nxc7+ Ke7 16. Nxe6 Kxe6 17. Nxg6+ Kd6 18. Nxh8 Rxh8 19. Bf4+ Kd5 20. Qe5+ Kc4
21. O-O-O Nd7 22. Qxg7 Rc8 23. Qxf7+ Kc5 24. Qxd7 Rc6 25. Qxd4+ Kb5 26. Qxa7 Rb6
27. Rd5+ Kc6 28. Qa4+ Rb5 29. Qxb5# {LoosliTheo est échec et mat} 1-0

[Event "Tournament 14459 - Europe Echecs"]
[Site "Europe Echecs"]
[Date "2020.07.07"]
[Round "9"]
[Time "18:23:10"]
[PlyCount "86"]
[White "HoarauAntoine"]
[Black "GrederBaptiste"]
[WhiteElo "799"]
[BlackElo "1080"]
[Mode "WEB"]
[Result "1-0"]

1. d4 d5 2. Nc3 Nf6 3. Nf3 e6 4. Bf4 Bb4 5. Qd2 h6 6. a3 Bd6 7. Bxd6 cxd6 8. e3
O-O 9. Nb5 a6 10. Nc3 Bd7 11. Qd3 Nc6 12. Be2 Re8 13. O-O Qb8 14. Na4 b5 15. Nc3
b4 16. axb4 Nxb4 17. Qd2 Rc8 18. Na4 Rc6 19. Rac1 Qb7 20. Rfd1 Rac8 21. c3 Na2
22. Rc2 R8c7 23. Bd3 Qc8 24. Ra1 Nxc3 25. bxc3 e5 26. dxe5 dxe5 27. Nxe5 Ne8 28.
Nxc6 Rxc6 29. Rb1 Nd6 30. Nb6 Qc7 31. Nxd7 Qxd7 32. Rb8+ Ne8 33. Rcb2 f6 34.
R2b7 Qd6 35. Rxe8+ Qf8 36. Rxf8+ Kxf8 37. Rb8+ Ke7 38. Rb7+ Kd8 39. Qa2 Rc7 40.
Rb8+ Rc8 41. Qa5+ Kd7 42. Rb7+ Kc6 43. Qb6# {GrederBaptiste est échec et mat} 1-0

[Event "Tournament 14459 - Europe Echecs"]
[Site "Europe Echecs"]
[Date "2020.07.07"]
[Round "9"]
[Time "18:23:10"]
[PlyCount "122"]
[White "OgerEryn"]
[Black "BorremansPaul"]
[WhiteElo "1460"]
[BlackElo "980"]
[Mode "WEB"]
[Result "1-0"]

1. e4 e5 2. Nf3 Nc6 3. Nc3 Nf6 4. Bc4 Bb4 5. d3 O-O 6. Bg5 d6 7. h3 Bd7 8. O-O
h6 9. Bh4 g5 10. Bg3 h5 11. Nxg5 a6 12. Bh4 b5 13. Bb3 Nd4 14. Nf3 c5 15. Bxf6
Qxf6 16. Nxd4 cxd4 17. Nd5 Qe6 18. Nc7 Qe7 19. Nxa8 Rxa8 20. Qxh5 Kf8 21. c3 Be6
22. cxb4 f6 23. Rac1 Bxb3 24. axb3 Qe6 25. Rc7 Rc8 26. Rxc8+ Qxc8 27. Re1 d5 28.
exd5 Qd7 29. Qh8+ Ke7 30. Qh7+ Kd6 31. Qxd7+ Kxd7 32. Re4 Kd6 33. Rh4 Kxd5 34.
Rh6 f5 35. Rh5 e4 36. dxe4+ Kxe4 37. Rh4+ f4 38. f3+ Ke3 39. g3 Kxf3 40. Rxf4+
Kxg3 41. Rxd4 Kxh3 42. Rd5 Kg3 43. Rd6 Kf3 44. Rxa6 Ke3 45. Rb6 Kd2 46. Rxb5 Kc2
47. Rc5+ Kxb2 48. b5 Kxb3 49. b6 Kb4 50. Rc7 Kb5 51. b7 Kb6 52. Re7 Ka7 53. Rf7
Kb8 54. Kf2 Ka7 55. Ke3 Ka6 56. Kd4 Ka7 57. Kc5 Ka6 58. Kc6 Ka7 59. Rf8 Ka6 60.
b8=Q Ka5 61. Qb5# {BorremansPaul est échec et mat} 1-0

[Event "Tournament 14459 - Europe Echecs"]
[Site "Europe Echecs"]
[Date "2020.07.07"]
[Round "9"]
[Time "18:23:10"]
[PlyCount "68"]
[White "TirateauTom"]
[Black "BlanchardEmile"]
[WhiteElo "1440"]
[BlackElo "799"]
[Mode "WEB"]
[Result "1-0"]

1. e4 e5 2. Nf3 Nc6 3. Nc3 Nf6 4. Bb5 Bc5 5. d3 d6 6. Bg5 h6 7. Bh4 Bg4 8. O-O
Qd7 9. Bxf6 gxf6 10. h3 Be6 11. Qd2 O-O-O 12. a3 Rdg8 13. b4 Bxf2+ 14. Qxf2 Rg7
15. Nd5 Bxd5 16. exd5 Nd4 17. Nxd4 exd4 18. Bxd7+ Kxd7 19. Qf5+ Kd8 20. Qxf6+
Ke8 21. Qxg7 Rf8 22. Rfe1+ Kd7 23. Qg4+ Kd8 24. Qg7 Re8 25. Rxe8+ Kxe8 26. Qg8+
Ke7 27. Re1+ Kf6 28. Rf1+ Ke7 29. g4 h5 30. gxh5 f6 31. Qg7+ Ke8 32. Re1+ Kd8
33. Qe7+ Kc8 34. Qe8# {BlanchardEmile est échec et mat} 1-0

[Event "Tournament 14459 - Europe Echecs"]
[Site "Europe Echecs"]
[Date "2020.07.07"]
[Round "9"]
[Time "18:23:10"]
[PlyCount "40"]
[White "SchluppEmma"]
[Black "ElRhourriYanis"]
[WhiteElo "1094"]
[BlackElo "799"]
[Mode "WEB"]
[Result "1-0"]

1. e4 e5 2. Nf3 Nc6 3. Bc4 Qf6 4. Nc3 Nd4 5. d3 Nxf3+ 6. gxf3 Bc5 7. Be3 Bxe3 8.
fxe3 Ne7 9. d4 exd4 10. exd4 O-O 11. Qe2 c6 12. O-O-O d5 13. exd5 cxd5 14. Bb3
Nf5 15. Rhg1 Nxd4 16. Qg2 Nxb3+ 17. cxb3 Bf5 18. Nxd5 Qc6+ 19. Nc3 Rac8 20.
Qxg7# {ElRhourriYanis est échec et mat} 1-0

[Event "Tournament 14459 - Europe Echecs"]
[Site "Europe Echecs"]
[Date "2020.07.07"]
[Round "9"]
[Time "18:23:10"]
[PlyCount "39"]
[White "HuJeremy"]
[Black "ClaverieCharle"]
[WhiteElo "799"]
[BlackElo "1065"]
[Mode "WEB"]
[Result "0-1"]

1. e4 e5 2. Nf3 Nf6 3. d4 d6 4. Nc3 Bg4 5. h3 Bh5 6. g4 Bg6 7. Bc4 Be7 8. Be3
O-O 9. Qd3 c6 10. O-O-O Qb6 11. Rhe1 Qd8 12. a3 b5 13. Bb3 a5 14. Ba2 b4 15.
axb4 axb4 16. Ne2 Rxa2 17. Kb1 Ra8 18. d5 Qa5 19. c3 Bxe4 {HuJeremy a abandonné} 0-1

[Event "Tournament 14459 - Europe Echecs"]
[Site "Europe Echecs"]
[Date "2020.07.07"]
[Round "9"]
[Time "18:23:10"]
[PlyCount "107"]
[White "FonsatJeanMarc"]
[Black "SemetroudenkoA"]
[WhiteElo "1030"]
[BlackElo "799"]
[Mode "WEB"]
[Result "0-1"]

1. e4 e5 2. Bc4 Nc6 3. Qh5 Qe7 4. Qxf7+ Qxf7 5. Bxf7+ Kxf7 6. Nf3 Bc5 7. c3 Nf6
8. d4 exd4 9. Bg5 Be7 10. e5 Nd5 11. c4 Ndb4 12. Kd1 Rf8 13. Bxe7 Nxe7 14. a3
Nbc6 15. Ng5+ Kg8 16. e6 dxe6 17. b4 Rxf2 18. b5 Rxg2 19. bxc6 Rxg5 20. cxb7
Bxb7 21. h4 Bxh1 22. hxg5 Bf3+ 23. Ke1 Rb8 24. Kf2 Be4 25. Nd2 Bd3 26. Rh1 Rb2
27. Ke1 Bb1 28. Ke2 Bf5 29. Rh4 Ra2 30. Rxd4 Rxa3 31. Rd8+ Kf7 32. Rd7 Bg4+ 33.
Ke1 Ra1+ 34. Kf2 Rd1 35. Kg3 Bf5 36. Rxc7 Rxd2 37. Rb7 Rd3+ 38. Kf2 Rc3 39. Rb4
Kg6 40. Ke2 Kxg5 41. Kd2 Rd3+ 42. Kc2 Rg3+ 43. Kd2 Rd3+ 44. Kc2 Rd4+ 45. Kc3 Rf4
46. c5 Rxb4 47. Kxb4 h5 48. Kb5 Be4 49. c6 Bxc6+ 50. Ka6 h4 51. Kxa7 h3 52. Ka6
h2 53. Ka5 h1=Q {FonsatJeanMarc a perdu au temps} 0-1

[Event "Tournament 14459 - Europe Echecs"]
[Site "Europe Echecs"]
[Date "2020.07.07"]
[Round "9"]
[Time "18:23:10"]
[PlyCount "35"]
[White "SevindikKaan"]
[Black "LoppinTya"]
[WhiteElo "799"]
[BlackElo "1021"]
[Mode "WEB"]
[Result "0-1"]

1. d4 d5 2. e3 Nf6 3. Bb5+ Nbd7 4. Nc3 e6 5. Nf3 Be7 6. O-O O-O 7. e4 dxe4 8.
Nxe4 Nxe4 9. Qd3 Nef6 10. Ne5 Nxe5 11. Qe4 Nc6 12. Bxc6 bxc6 13. Qxc6 Bd7 14.
Qc3 Bb5 15. Re1 Qd5 16. Be3 Bc6 17. Rad1 Qxg2# {SevindikKaan est échec et mat} 0-1

[Event "Tournament 14459 - Europe Echecs"]
[Site "Europe Echecs"]
[Date "2020.07.07"]
[Round "9"]
[Time "18:23:10"]
[PlyCount "26"]
[White "LayadiYasmine"]
[Black "BaudinMarkus"]
[WhiteElo "1180"]
[BlackElo "799"]
[Mode "WEB"]
[Result "1-0"]

1. e4 e5 2. Nf3 Bc5 3. Nc3 a5 4. Nxe5 Ba7 5. d3 Qf6 6. Ng4 Qb6 7. d4 h5 8. Ne5
c5 9. Bf4 Qf6 10. Qd2 cxd4 11. Nb5 g5 12. Nc7+ Kd8 13. Bxg5 {BaudinMarkus a abandonné} 1-0

[Event "Tournament 14459 - Europe Echecs"]
[Site "Europe Echecs"]
[Date "2020.07.07"]
[Round "9"]
[Time "18:23:10"]
[PlyCount "36"]
[White "AndreaniEleono"]
[Black "LemoalAssiya"]
[WhiteElo "799"]
[BlackElo "1040"]
[Mode "WEB"]
[Result "1-0"]

1. e4 e5 2. Nf3 Nc6 3. Bc4 Nf6 4. d3 Bc5 5. O-O O-O 6. h4 h5 7. Ng5 Ng4 8. d4 d5
9. exd5 exd4 10. f3 f6 11. fxg4 fxg5 12. hxg5 hxg4 13. Qd2 Qe7 14. c3 Qe3+ 15.
Qf2 Qxg5 16. Qxf8+ Kh7 17. Bd3+ Kh6 18. Qh8# {LemoalAssiya est échec et mat} 1-0

[Event "Tournament 14459 - Europe Echecs"]
[Site "Europe Echecs"]
[Date "2020.07.07"]
[Round "9"]
[Time "18:23:10"]
[PlyCount "43"]
[White "FongaroLeon"]
[Black "LottiauNathan"]
[WhiteElo "799"]
[BlackElo "1033"]
[Mode "WEB"]
[Result "0-1"]

1. e4 e5 2. Nf3 Nc6 3. Nc3 Bc5 4. Nxe5 Nxe5 5. d4 Nc6 6. dxc5 Nf6 7. Bb5 a6 8.
Bxc6 bxc6 9. Bg5 d6 10. Bxf6 Qxf6 11. O-O Be6 12. Qh5 g6 13. Qh6 O-O-O 14. Na4
dxc5 15. Nxc5 Qxb2 16. Nxe6 fxe6 17. Qd2 Rxd2 18. e5 Qxe5 19. Kh1 Rd4 20. Rg1
Rh4 21. Rae1 Qxh2# {FongaroLeon est échec et mat} 0-1

[Event "Tournament 14459 - Europe Echecs"]
[Site "Europe Echecs"]
[Date "2020.07.07"]
[Round "9"]
[Time "18:23:10"]
[PlyCount "48"]
[White "BarrauArthur"]
[Black "GervaisClement"]
[WhiteElo "980"]
[BlackElo "799"]
[Mode "WEB"]
[Result "1-0"]

1. e4 e5 2. Nf3 Nc6 3. Nc3 Nf6 4. Bc4 Bc5 5. d3 O-O 6. Bg5 d6 7. O-O Bg4 8. Re1
Qe7 9. Qe2 Rfe8 10. Rad1 Rad8 11. a4 Bxf2+ 12. Qxf2 Bxf3 13. gxf3 Nb4 14. Kh1
Qe6 15. d4 Qg4 16. h3 Qf5 17. exf5 Ng4 18. hxg4 Nd3 19. cxd3 e4 20. fxe4 d5 21.
exd5 Rxe1+ 22. Rxe1 Rxd5 23. Qe2 Ra5 24. Qe8# {GervaisClement est échec et mat} 1-0

[Event "Tournament 14459 - Europe Echecs"]
[Site "Europe Echecs"]
[Date "2020.07.07"]
[Round "9"]
[Time "18:23:10"]
[PlyCount "42"]
[White "BlouvacDaphne"]
[Black "CazacuSofia"]
[WhiteElo "1130"]
[BlackElo "799"]
[Mode "WEB"]
[Result "1-0"]

1. e4 e5 2. Nf3 Nf6 3. Nxe5 Bd6 4. d4 O-O 5. Bc4 Be7 6. O-O d5 7. exd5 Bd7 8.
Nf3 Ba4 9. Nh4 Bd7 10. c3 Ba4 11. Nf5 Bd7 12. Bd3 Bxf5 13. Bxf5 g6 14. Be4 h6
15. Bxh6 g5 16. Bf5 Qxd5 17. Qf3 Qd8 18. Qg3 g4 19. Qh4 Nd5 20. Qxg4+ Kh8 21.
Qg7# {CazacuSofia est échec et mat} 1-0

[Event "Tournament 14459 - Europe Echecs"]
[Site "Europe Echecs"]
[Date "2020.07.07"]
[Round "9"]
[Time "18:23:10"]
[PlyCount "32"]
[White "PenarrubiaTom"]
[Black "BaloulYaksen"]
[WhiteElo "950"]
[BlackElo "799"]
[Mode "WEB"]
[Result "1-0"]

1. e4 e5 2. Nf3 d6 3. Nc3 Nc6 4. Bc4 Nf6 5. d3 Nxe4 6. Nxe4 f6 7. Be3 g6 8. O-O
f5 9. Neg5 h6 10. Ne6 Bxe6 11. Bxe6 g5 12. h4 gxh4 13. Nxh4 Be7 14. Nxf5 Rf8 15.
Qh5+ Rf7 16. Qxf7# {BaloulYaksen est échec et mat} 1-0